Revista Reflexiones. Tabla de contenido: número 135, 2013
Saved in:
| Format: | Book |
|---|---|
| Language: | Spanish |
| Published: |
2013
|
| Tags: |
Add Tag
No Tags, Be the first to tag this record!
|
MARC
| LEADER | 00000nam a22000007a 4500 | ||
|---|---|---|---|
| 003 | cru IIS | ||
| 005 | 20211016101344.0 | ||
| 008 | 211015b2013 es ||||| |||| 00| 0 spa d | ||
| 040 | |c CRAI UCR | ||
| 082 | |a REV1661 (135) 2013 | ||
| 245 | |a Revista Reflexiones. Tabla de contenido: número 135, 2013 | ||
| 260 | |c 2013 | ||
| 500 | |a Colección Centroamérica | ||
| 505 | |a Hacia una perspectiva interdisciplinaria - El Editor 3-4 // La mujer religiosa, la mujer ilustrada, la mujer ciudadana: representaciones y prácticas femeninas en algunos periódicos salvadoreños, 1871-1889 - Olga C. Vásquez Monzón 5-34 // Una reforma educativa desconocida El Salvador 1883-1890 - Julián González Torres 35-67 // Conflicto Iglesia-Estado por el establecimiento de escuelas parroquiales en El Salvador (1891-1893) - Roberto Armando Valdés Valle 69-93 // La incurable tristeza de raza: el indígena en la literatura salvadoreña entre 1880 y 19101 - Ricardo Roque Baldovinos 95-115 // Ser extranjero en Centroamérica. Génesis y evolución de las leyes de extranjería y migración en El Salvador: siglos XIX y XX - Moisés Gómez 117-151 // Erick Rivera Orellana. Atlas lingüístico-etnográfico pluridimensional de El Salvador - Héctor Samour 153-155 // La incurable tristeza de raza: el indígena en la literatura salvadoreña entre 1880 y 19101 - Ricardo Roque Baldovinos 95-115 // Ser extranjero en Centroamérica. Génesis y evolución de las leyes de extranjería y migración en El Salvador: siglos XIX y XX - Moisés Gómez 117-151 // Erick Rivera Orellana. Atlas lingüístico-etnográfico pluridimensional de El Salvador - Héctor Samour 153-155 | ||
| 773 | 0 | |0 40343 |9 6239 |a Universidad Centroamericana José Simeón Cañas (UCA) |d El Salvador: Universidad Centroamericana José Simeón Cañas. Facultad de Ciencias Sociales y Humanidades |o 16153 |t Realidad: |x 10125515 | |
| 942 | |2 ddc |c PP | ||
| 999 | |c 43924 |d 43924 | ||
